Πόλεις με τους περισσότερους τουρίστες στην Ευρώπη - Statistics

General Stats
  • This quiz has been taken 59 times
  • The average score is 16 of 21
Answer Stats
Επισκέπτες Πόλη % Correct
19,2 εκ Λονδίνο
100%
17,6 εκ Παρίσι
100%
5,73 εκ Αθήνα
100%
10,1 εκ Ρώμη
97%
5,44 εκ Μαδρίτη
95%
6,41 εκ Βιέννη
92%
6,71 εκ Βαρκελώνη
90%
8,95 εκ Πράγα
87%
5,96 εκ Βερολίνο
87%
8,34 εκ Άμστερνταμ
85%
5,51 εκ Μόσχα
79%
3,83 εκ Βουδαπέστη
79%
6,48 εκ Μιλάνο
77%
3,94 εκ Βρυξέλλες
74%
3,54 εκ Λισαβόνα
74%
5,50 εκ Βενετία
72%
4,07 εκ Μόναχο
69%
5,21 εκ Δουβλίνο
51%
13,4 εκ Κωνσταντινούπολη
46%
5,06 εκ Φλωρεντία
46%
4,00 εκ Αγία Πετρούπολη
36%
No matching quizzes found
Score Distribution
Percent of People with Each Score
Percentile by Number Answered
Your Score History
You have not taken this quiz